| 000 | 00674nam a22001817a 4500 | ||
|---|---|---|---|
| 999 |
_c157634 _d157634 |
||
| 005 | 20180922143344.0 | ||
| 010 | _aENG-124026 | ||
| 020 |
_a9788125063261 _c105.00 |
||
| 035 | _aEN-107558 | ||
| 037 | _bDBAD/PUB | ||
| 082 | _a372.6044 | ||
| 245 | _aComposition and writing skills / | ||
| 260 |
_aHyderabad _bOrient BlackSwan Pvt. Ltd. _c2016 |
||
| 270 |
_bHyderabad _e500029 _a3-6-752 Himayatnagar, |
||
| 300 |
_a170p _c24cm.(pbk.) |
||
| 500 | _aThis book has been prepared for undergraduate students by a Board of Editors under the supervision and direction of the Department of English, Punjabi University, Patiala | ||
| 942 |
_2ddc _cEN _h372.6044 _mCOM |
||